000 00624nam a2200229Ia 4500
003 OSt
005 20221007071721.0
006 a|||||r|||| 00| 0
007 ta
008 221006b |||||||| |||| 00| 0 eng d
024 _a28,650
037 _cTextual
040 _aFLL
_cFLL
_beng
041 _2eng
_aeng
082 _aZ(Q7),87, M4
100 _aSaleh Samir
_9689282
245 0 _aCommercial arbitration in the Arab Middle East
260 _aLondon
_bGraham & Trotman Ltd. London
_c1984
300 _axxvi,489p
_ccm.
942 _hZ(Q7),87, M4
_cTEXL
_2CC
999 _c1144066
_d1144066